Welcome to CU Library Online Public Access Catalogue (OPAC)

The transformation imperative : (Record no. 4673)

MARC details
000 -LEADER
fixed length control field 00640cam a2200193 a 4500
001 - CONTROL NUMBER
control field 3507573
005 - DATE AND TIME OF LATEST TRANSACTION
control field 20250311082828.0
008 - FIXED-LENGTH DATA ELEMENTS--GENERAL INFORMATION
fixed length control field 951004s1996 maua b 001 0 eng
020 ## - INTERNATIONAL STANDARD BOOK NUMBER
International Standard Book Number 0875846769
050 00 - LIBRARY OF CONGRESS CALL NUMBER
Classification number HD58.8
Item number .V645 1996
082 00 - DEWEY DECIMAL CLASSIFICATION NUMBER
Classification number 658.4/06
Edition information 20
100 1# - MAIN ENTRY--PERSONAL NAME
Personal name Vollmann, Thomas E.
245 14 - TITLE STATEMENT
Title The transformation imperative :
Remainder of title achieving market dominance through radical change /
Statement of responsibility, etc. Thomas E. Vollmann.
260 ## - PUBLICATION, DISTRIBUTION, ETC.
Place of publication, distribution, etc. Boston, Mass. :
Name of publisher, distributor, etc. Harvard Business School Press,
Date of publication, distribution, etc. c1996.
300 ## - PHYSICAL DESCRIPTION
Extent ix, 269 p. :
Other physical details ill. ;
Dimensions 24 cm.
650 #0 - SUBJECT ADDED ENTRY--TOPICAL TERM
Topical term or geographic name entry element Organizational change
General subdivision Management.
650 #0 - SUBJECT ADDED ENTRY--TOPICAL TERM
Topical term or geographic name entry element Organizational learning.
942 ## - ADDED ENTRY ELEMENTS (KOHA)
Source of classification or shelving scheme Library of Congress Classification
Koha item type Books
Suppress in OPAC No
999 ## -
-- 4673
-- 4673
Holdings
Withdrawn status Lost status Source of classification or shelving scheme Damaged status Not for loan Collection Home library Current library Shelving location Date acquired Total checkouts Full call number Barcode Date last seen Copy number Price effective from Koha item type
    Library of Congress Classification     Non-fiction Undergraduate Library (Christ Temple) Undergraduate Library (Christ Temple) General stacks 03/11/2025   HD58.8 VOL ulct00001629 03/11/2025 1 03/11/2025 Books
© 2023-2024 Copyright: Central University Libraries. All Rights Reserved | Created by: Mahone Tech Office